Innovative AÖR als alternative gesellschaftsform zur GmbH für ent-und versorgungsunternehmen im praktischen vergleich

Guardado en:
Detalles Bibliográficos
Autor principal: Hennekes, Georg, 1955-
Formato: Capítulo de libro
Lenguaje:alemán
Materias:
Etiquetas: Agregar Etiqueta
Sin Etiquetas, Sea el primero en etiquetar este registro!

MARC

LEADER 00000nla$a2200000$$$4500
001 0125143
005 20240502072426.3
041 0 |a ger 
044 |a SK 
245 1 0 |a Innovative AÖR als alternative gesellschaftsform zur GmbH für ent-und versorgungsunternehmen im praktischen vergleich  |c Georg Hennekes 
610 2 0 |a Európska únia 
610 2 0 |a monopoly 
610 2 0 |a monopoly medzinárodné 
610 2 0 |a spoločnosti obchodné 
610 2 0 |a stratégia inovačná 
610 2 0 |a manažment inovačný 
610 2 0 |a starostlivosť o zákazníkov 
610 2 0 |a hodnota pridaná 
100 1 |a Hennekes, Georg, 1955-